000 00570cam a22001812 4500
001 0000005382
005 20151217155827.0
008 070612s xx 000 0 eng d
040 _aKABU
_cKABU
050 0 _aZ858
_b.K33M35
100 1 _aMaiyo, Eurnice Jerono.
_@0000156671
245 1 0 _aIndustrial attachment report conducted from 9th January to 7th April 2006 at Kabarak University Library.
300 _a18 leaves.
610 2 0 _aKabarak University Library.
_@0000156666
908 _a070612
950 _@1
999 _c12969
_d12969